000 01149nam a22003137a 4500
001 5429
003 FISKH
005 20241206110850.0
008 241206b cb ||||| |||| 00| 0 eng d
020 _a9780545033459
040 _aFISKH
_beng
_cFISKH
_dFISKH
050 _aPZ7.W915
082 _a813.6
100 _aWrede, Patricia C .
245 _aThirteen child /
_cby Patricia C. Wrede
250 _aThis edition first printing, May 2010
260 _aNew York :
_bScholastic ;
_c2009.
300 _a344 pages :
_billustrations ;
_c21 cm .
490 _a Frontier Magic
_vBook 1
505 _aZ
520 _aEighteen-year-old Eff must finally get over believing she is bad luck and accept that her special training in Aphrikan magic, and being the twin of the seventh son of a seventh son, give her extraordinary power to combat magical creatures that threaten settlements on the western frontier.
521 8 _a1010
_bLexile
521 8 _aZ
_bRaz-Plus
650 _aFrontier Magic
_vFiction
650 _amagic
_vFiction
700 _aStengel, Christopher
_eBook designer
942 _2ddc
_cBK
_n0
999 _c5429
_d5429